| 000 | 00928nam a2200325 a 4500 | ||
|---|---|---|---|
| 001 | UByD002491 | ||
| 003 | AR-LpoUNG | ||
| 005 | 20240306131409.0 | ||
| 008 | 240306s1998||||sp |||||||||||||||||spa d | ||
| 020 | _a8495199319 | ||
| 040 |
_aAR-LpoUNG _bspa _cAR-LpoUNG _eaacr |
||
| 041 | _aspa | ||
| 044 | _asp | ||
| 082 | 0 | _aR438 15dic | |
| 245 | 1 | 0 |
_aDiccionario moderno alemán : _bespañol-alemán : alemán-español : con la nueva ortografía alemana |
| 250 | _a1ra. ed. | ||
| 260 |
_aBarcelona : _bOcéano, _c1998. |
||
| 300 |
_a1053 p. : _bgráfs., tbls. |
||
| 650 | 4 | _aDICCIONARIOS | |
| 650 | 4 | _aDOCUMENTOS PRIMARIOS | |
| 650 | 4 | _aLENGUA ALEMANA | |
| 650 | 4 | _aLENGUA ESPAÑOLA | |
| 650 | 4 | _aMATERIAL DE REFERENCIA | |
| 650 | 4 | _aTEMINOLOGIA | |
| 653 | _aDICCIONARIOS BILINGÜES | ||
| 653 | _aDICCIONARIOS DE ALEMAN | ||
| 710 | 2 | _aOcéano Langenscheidt (Berlín) | |
| 905 | _a4858 | ||
| 942 |
_cLSALA _2ddc |
||
| 999 |
_c65014 _d65014 |
||